000 00824nas a2200265 4500
001 BR2013006349
003 BR-BrBNA
005 20231205122747.0
007 ta
008 230509b bl.|||p| |||| 00| 00por d
040 _aBR-BrBNA
_bpor
_cBiblioteca Nacional de Agricultura
041 _a(Pt)
072 _aF02
100 1 _aMarangon, M.A.
100 1 _aBiasi, L.A.
245 1 _aEstaquia de mirtilo nas estações do ano com ácido indolbutírico e aquecimento do substrato
650 _aMIRTILO
650 _aÁCIDO INDOLBUTÍRICO
650 _aESTACA
650 _aENRAIZAMENTO
650 _aPROPAGAÇÃO VEGETATIVA
773 0 _tPesquisa Agropecuária Brasileira (Brazil)
_xISSN 0100-204X
_g(Jan 2013), v. 48(1) p. 25-32
_wBR2013006349
909 _a202311
_bLúcia
_c55
_dLúcia Elande
942 _2AGRIS
_n0
_cANA
999 _c230412
_d230412